[Event "JUG-chT"]
[Site "Niksic"]
[Date "1996.??.??"]
[Round "?"]
[White "Tesic, Dragan"]
[Black "Strikovic, Aleksa"]
[Result "0-1"]
[WhiteElo "2370"]
[BlackElo "2550"]

1.d4 d6 2.e4 g6 3.Nc3 Bg7 4.Nf3 Nf6 5.h3 O-O 6.Be3 c6 7.a4 a5 8.Be2 Na6 9.O-O Nb4
10.Qc1 d5 11.e5 Ne8 12.Nb1 Bf5 13.Na3 f6 14.exf6 exf6 15.c3 Na6 16.Bf4 Nd6
17.Nc2 g5 18.Bh2 Re8 19.Ne3 Bg6 20.Qd1 Qd7 21.Bxd6 Qxd6 22.Bd3 Qd7 23.Bxg6 hxg6
24.Qd3 Kf7 25.Ng4 Qf5 26.Rad1 Nc7 27.Rfe1 Rxe1+ 28.Nxe1 Ne6 29.g3 Rh8 30.Kg2 Bf8
31.Nf3 Qxd3 32.Rxd3 Bd6 33.Rd1 Nc7 34.Ne3 Rd8 35.Kf1 Be7 36.Re1 Ne8 37.h4 gxh4
38.Nxh4 Nd6 39.Nd1 Bf8 40.Nf3 Bh6 41.Ke2 Ne4 42.Rh1 Kg7 43.Kd3 Re8 44.Re1 f5
45.Ne5 Bg5 46.Rh1 Bf6 47.Nf3 g5 48.Nd2 c5 49.Nxe4 dxe4+ 50.Kc4 cxd4 51.cxd4 Rc8+
52.Kd5 Kf7 53.Rh7+ Bg7 54.Ne3 Rd8+ 55.Kc5 Kg6 56.Rxg7+ Kxg7 57.Nxf5+ Kf6
58.Nd6 b6+ 59.Kc6 Ke7 60.Nxe4 Rxd4 61.Nxg5 Rb4 62.Nf3 Rxb2 63.Nd4 Rb4 64.Nb5 Rxa4
65.Kxb6 Ra1 66.Nc3 Kd6 67.Kb5 Ra3 68.Na4 Rb3+ 69.Kxa5 Kc6 70.g4 Rb5+ 71.Ka6 Rb4
72.Ka5 Rxg4 73.Nb2 Rd4 74.f3 Rd2 75.Nc4 Rd4 76.Nb2 Kd5 77.Ka6 Rb4 78.Nd3 Rb3
79.Nf4+ Kc6 80.Ka5 Rxf3 81.Ne6 Re3 82.Nd8+ Kc7 83.Nf7 Rf3 84.Nh6 Rf4 85.Kb5 Kd6
86.Ng8 Ke6 87.Kc6 Kf7 88.Nh6+ Kg7  0-1

[Event "JUG-chT"]
[Site "Niksic"]
[Date "1996.??.??"]
[Round "?"]
[White "Ilincic, Zlatko"]
[Black "Popovic, Petar"]
[Result "1-0"]
[WhiteElo "2520"]
[BlackElo "2575"]

1.d4 g6 2.e4 d6 3.Nc3 Bg7 4.h3 Nf6 5.Nf3 O-O 6.Be3 Nc6 7.Qd2 e5 8.d5 Nb8
9.O-O-O Nbd7 10.Nh2 Nc5 11.f3 Nh5 12.Ne2 f5 13.exf5 gxf5 14.g4 fxg4 15.hxg4 Nf4
16.Nxf4 exf4 17.Bxc5 dxc5 18.Bd3 h6 19.c3 Bd7 20.Bb1 Qf6 21.Qc2 Rfe8 22.Qh7+ Kf8
23.Bf5 Rad8 24.Bxd7 Rxd7 25.g5 hxg5 26.Ng4 Qf7 27.Nf2 Rxd5 28.Ne4 Red8 29.Rdg1 Qe7
30.Qg6 R8d6 31.Nxd6 cxd6 32.Re1 Re5 33.Rd1 Re6 34.Qf5+ Qf6 35.Qd5 Qe7 36.Rh5 Bf6
37.Qf5 Ke8 38.Rh7  1-0

[Event "JUG-ch op"]
[Site "Nis"]
[Date "1996.??.??"]
[Round "2"]
[White "Spasov, Vasil"]
[Black "Vujadinovic, Goran"]
[Result "1-0"]
[WhiteElo "2570"]
[BlackElo "2390"]

1.e4 g6 2.d4 d6 3.Nc3 Bg7 4.Nge2 Nf6 5.g3 O-O 6.Bg2 e5 7.h3 c6 8.a4 b6 9.O-O a6
10.Be3 Nbd7 11.g4 Bb7 12.Ng3 h6 13.Qd2 exd4 14.Bxd4 Ne5 15.b3 Nh7 16.f4 c5
17.Be3 Nc6 18.Rad1 Qh4 19.Nge2 Nb4 20.Bf2 Qd8 21.Qxd6 Nxc2 22.e5 Bxg2 23.Kxg2 Nb4
24.Ne4 Qb8 25.N2c3 Qb7 26.Qd7 Rfb8 27.Qxb7 Rxb7 28.Bg3 Nc6 29.Nd5 a5 30.Nd6 Rbb8
31.Rde1  1-0

[Event "JUG-ch op"]
[Site "Nis"]
[Date "1996.??.??"]
[Round "6"]
[White "Kalezic, Blazo"]
[Black "Vujadinovic, Goran"]
[Result "0-1"]
[WhiteElo "2145"]
[BlackElo "2390"]

1.e4 g6 2.d4 d6 3.Nc3 Bg7 4.f3 a6 5.Be3 b5 6.Qd2 Bb7 7.h4 h6 8.h5 g5 9.g4 e6
10.a4 b4 11.Nce2 a5 12.Ng3 Nd7 13.Bc4 Ne7 14.Bb3 c5 15.N1e2 Ba6 16.c4 Qc7
17.O-O cxd4 18.Bxd4 Bxd4+ 19.Nxd4 d5 20.Kg2 dxc4 21.Rfc1 Ne5 22.Bd1 Rd8 23.Nge2 N7c6
24.Qe3 Nxd4 25.Nxd4 Qa7 26.Nf5 Qxe3 27.Nxe3 Rd2+ 28.Kg3 Rxb2  0-1

[Event "JUG-ch op"]
[Site "Nis"]
[Date "1996.??.??"]
[Round "8"]
[White "Kovacevic, Aleksandar"]
[Black "Vujadinovic, Goran"]
[Result "1-0"]
[WhiteElo "2430"]
[BlackElo "2390"]

1.e4 g6 2.d4 d6 3.Nc3 Bg7 4.f4 Nc6 5.Bb5 Bd7 6.Nf3 a6 7.Bxc6 Bxc6 8.O-O e6
9.f5 exf5 10.exf5 Ne7 11.d5 Bd7 12.f6 Bxf6 13.Ne4 Bg7 14.Bg5 f5 15.Nf6+ Kf7
16.Re1 h6 17.Nh5 hxg5 18.Nxg5+ Kg8 19.Nxg7 c6 20.dxc6 Nxc6 21.N7e6 Bxe6 22.Nxe6 Qb6+
23.Kh1 Ne5 24.Qd5 Qc6 25.Rad1 Qxd5 26.Rxd5 Nf7 27.Nf4 Kg7 28.Re6 g5 29.Rg6+ Kh7
30.Rf6 Kg7 31.Rdxf5 Nh6  1-0

[Event "JUG-ch op"]
[Site "Nis"]
[Date "1996.??.??"]
[Round "10"]
[White "Ristic, Nebojsa"]
[Black "Vujadinovic, Goran"]
[Result "1/2-1/2"]
[WhiteElo "2400"]
[BlackElo "2390"]

1.d4 d6 2.e4 g6 3.Nc3 Bg7 4.g3 Nc6 5.d5 Ne5 6.h3 c6 7.Bg2 Qb6 8.Nge2 Nf6
9.b3 O-O 10.Be3 Qa5 11.O-O cxd5 12.exd5 b5 13.a3 a6 14.f4 Ned7 15.Qe1 Bb7
16.Nd4 Rfe8 17.Nc6 Qc7 18.a4  1/2-1/2

[Event "North Bay op"]
[Site "North Bay"]
[Date "1996.??.??"]
[Round "?"]
[White "Milicevic, Goran"]
[Black "Campbell, Brett"]
[Result "1-0"]
[WhiteElo "2360"]
[BlackElo "2220"]

1.e4 g6 2.d4 Bg7 3.Nc3 d6 4.Be3 Nf6 5.Qd2 Ng4 6.Bg5 f6 7.Bh4 O-O 8.Bc4+ Kh8
9.h3 Nh6 10.O-O-O Nc6 11.f4 Nf7 12.Kb1 g5 13.fxg5 fxg5 14.Bf2 e5 15.d5 Ne7
16.Be3 Ng6 17.g3 Bf6 18.Be2 a6 19.Rf1 Bd7 20.Rh2 Kg7 21.Rhf2 Be7 22.Bh5 c5
23.Rf5 b5 24.Nf3 b4 25.Ne2 Bxf5 26.exf5 Ngh8 27.g4 h6 28.Ng3 e4 29.Nxe4 Bf6
30.h4 Re8 31.Nxf6 Rxe3 32.Qxe3 Qxf6 33.hxg5 Nxg5 34.Nxg5 hxg5 35.Re1 Nf7
36.Qe7 Rf8 37.Qxf6+ Kxf6 38.Re6+ Kg7 39.Bxf7 Kxf7 40.b3 Rh8 41.Rg6 Rh1+ 42.Kb2 Rd1
43.Rxd6 Rd4 44.Rxa6 Rxg4 45.Rg6 Rd4 46.d6 g4 47.a4 bxa3+ 48.Kxa3 Rf4 49.d7 Ke7
50.Rg7+ Kd8 51.c4 Rxf5 52.Ka4 Kc7 53.Kb5 Rf3 54.Kxc5 Rxb3 55.Rxg4 Kxd7 56.Rg7+ Kc8
57.Kc6 Kb8 58.Rg8+ Ka7 59.c5 Rh3 60.Rd8 Rh6+ 61.Rd6 Rh1 62.Kc7 Rc1 63.c6 Rc2
64.Rd1 Ka6 65.Ra1+ Kb5 66.Kb7 Rxc6 67.Rb1+  1-0

[Event "Nova Gorica"]
[Site "Nova Gorica"]
[Date "1996.??.??"]
[Round "5"]
[White "Kos, Toni"]
[Black "Djurkovic, Maks"]
[Result "1-0"]
[WhiteElo "2270"]
[BlackElo "2085"]

1.e4 g6 2.d4 Bg7 3.Nc3 d6 4.Be2 e6 5.h4 b6 6.h5 Bb7 7.Nf3 Nd7 8.Bg5 f6 9.Be3 g5
10.a4 a6 11.Bc4 Qe7 12.Qd2 h6 13.d5 e5 14.Qd3 Qf7 15.a5 Nc5 16.Bxc5 bxc5
17.g4 Qd7 18.Nh2 f5 19.gxf5 Nf6 20.Qe2 O-O 21.Ng4 Nxg4 22.Qxg4 Bf6 23.O-O Kh8
24.Rfb1 Rfb8 25.b4 cxb4 26.Rxb4 Bc8 27.Rab1 Rxb4 28.Rxb4 Qe8 29.Nd1 Bd7 30.c3 Bd8
31.Ne3 Kh7 32.Qe2 Bc8 33.Nf1 Kg7 34.Ng3 Kf6 35.Qb2 c5 36.dxc6 Bxa5 37.Ra4 Bc7
38.Qd2 Rb8 39.Qd5 Rb6 40.Kg2 Rxc6 41.Bb5 Bd7 42.Bxc6 Bxc6  1-0

[Event "JUG-chT (Women)"]
[Site "Novi Sad"]
[Date "1996.??.??"]
[Round "?"]
[White "Maric, Mirjana"]
[Black "Nikolin, Zorica"]
[Result "1-0"]
[WhiteElo "2280"]
[BlackElo "2185"]

1.e4 g6 2.d4 Bg7 3.Nc3 d6 4.Be3 Nd7 5.g3 c5 6.Nge2 Ngf6 7.h3 O-O 8.Bg2 cxd4
9.Nxd4 Nb6 10.b3 d5 11.e5 Ne4 12.Nxe4 dxe4 13.c4 Bxe5 14.Bxe4 Qd6 15.Qd2 Bg7
16.Rd1 Nd7 17.O-O a6 18.Bh6 Qc7 19.Bxg7 Kxg7 20.Bg2 Nc5 21.Qc3 e5 22.Nc2 f6
23.Ne3 Be6 24.b4 Nd7 25.c5 a5 26.a3 axb4 27.axb4 Rfd8 28.Rd6 Nf8 29.Rb6 Ra7
30.Ra1  1-0

[Event "Nussloch"]
[Site "Nussloch"]
[Date "1996.??.??"]
[Round "6"]
[White "Dautov, Rustem"]
[Black "Hickl, Joerg"]
[Result "0-1"]
[WhiteElo "2615"]
[BlackElo "2580"]

1.d4 d6 2.e4 g6 3.Nc3 Bg7 4.Nge2 Nd7 5.Be3 c6 6.a4 Ngf6 7.Ng3 h5 8.f3 h4
9.Nge2 e5 10.Qd2 Qc7 11.dxe5 dxe5 12.Nc1 Nf8 13.Nb3 Be6 14.Nc5 N6d7 15.Nxe6 Nxe6
16.Bc4 Nd4 17.O-O O-O-O 18.Qf2 f5 19.Rad1 Kb8 20.exf5 gxf5 21.f4 h3 22.g3 Nf6
23.Be2 Ng4 24.Bxg4 fxg4 25.Bxd4 exd4 26.Ne4 Rde8 27.Rfe1 c5 28.Ng5 Qc6 29.f5 Bh6
30.Ne6 Be3 31.Rxe3 dxe3 32.Qf1 Rxe6 33.fxe6 Qxe6 34.Qf4+ Ka8 35.Qd6 Qe8 36.Qd5 e2  0-1

[Event "SCO-ch"]
[Site "Oban"]
[Date "1996.??.??"]
[Round "5"]
[White "Shaw, John"]
[Black "McNab, Colin Anderson"]
[Result "1-0"]
[WhiteElo "2335"]
[BlackElo "2465"]

1.e4 g6 2.d4 Bg7 3.Nc3 d6 4.g3 Nf6 5.Bg2 O-O 6.Nge2 c6 7.a4 Nbd7 8.h3 b6
9.O-O Bb7 10.Be3 e5 11.Qd2 a6 12.g4 b5 13.Ng3 exd4 14.Bxd4 b4 15.Nce2 c5
16.Be3 Qe7 17.Rad1 Nxe4 18.Bxe4 Bxe4 19.Qxd6 Qxd6 20.Rxd6 Bxc2 21.Rxd7 Rfc8
22.Rd2 Bxa4 23.Ne4 c4 24.Rc1 Rc6 25.Nd4 Rc7 26.Bf4 Rcc8 27.Nd6 c3 28.bxc3 Rxc3
29.Rxc3 bxc3 30.Ra2 Bd1 31.Nc6 c2 32.Kf1 a5 33.Nc4 a4 34.Na3 Bf3 35.Rxc2 Bf8
36.Bc1 Be4 37.Rc3 h5 38.gxh5 gxh5 39.Rg3+ Kh7 40.Ne5 Rc8 41.Bb2 Rb8 42.Nd7 Rxb2
43.Nxf8+ Kh6 44.Nd7 h4 45.Re3 Bf5 46.Nc5 Rb4 47.Kg2 Kg5 48.Re7 Rf4 49.Re3 Rb4
50.Rc3 Rf4 51.Nc4 Be4+ 52.Nxe4+ Rxe4 53.Nd2  1-0

[Event "Oberwart op"]
[Site "Oberwart"]
[Date "1996.??.??"]
[Round "6"]
[White "Medvegy, Nora"]
[Black "Seifert, Milan"]
[Result "1/2-1/2"]
[WhiteElo "2295"]
[BlackElo "2255"]

1.e4 g6 2.d4 Bg7 3.Nc3 d6 4.Bc4 Nc6 5.Nf3 Nf6 6.h3 O-O 7.Qe2 Nd7 8.Be3 e5
9.Rd1 exd4 10.Nxd4 Nce5 11.Bb3 Nc5 12.O-O Nxb3 13.axb3 Nc6 14.Nxc6 bxc6 15.f4 Re8
16.Qc4 Bd7 17.Rf3 Qe7 18.Bd4 Qe6 19.Qd3 Bxd4+ 20.Qxd4 Bc8 21.f5 Qe5 22.Qf2 g5
23.Rg3 f6 24.h4 h6 25.Qf3 Re7 26.Rh3 Rg7 27.hxg5 hxg5 28.Qg4 Bb7 29.Rh6 Kf7
30.Rd3 Rag8 31.Rdh3 Ke7 32.Rh7 Kd7 33.R3h6 Rxh7 34.Rxh7+ Kc8 35.Qh5 Kb8 36.Rxc7 Kxc7
37.Qf7+ Kb6 38.Qxg8 Qg3 39.Na4+ Kc7 40.Qf7+ Kb8 41.Qg8+ Bc8 42.Qc4 Qe1+ 43.Kh2 Qh4+
44.Kg1 Qe1+ 45.Kh2 Qh4+ 46.Kg1 Qe1+  1/2-1/2

[Event "RUS-Cup3"]
[Site "Omsk"]
[Date "1996.??.??"]
[Round "8"]
[White "Khachian, Melikset"]
[Black "Egorov, Evgeni"]
[Result "1-0"]
[WhiteElo "2480"]
[BlackElo "2385"]

1.e4 g6 2.d4 Bg7 3.Nc3 d6 4.f4 c6 5.Nf3 Bg4 6.Be3 Qb6 7.Qd2 Nf6 8.O-O-O d5
9.h3 Bxf3 10.gxf3 e6 11.f5 exf5 12.exf5 Nbd7 13.h4 Nh5 14.Bh3 O-O-O 15.fxg6 hxg6
16.Na4 Qa6 17.Nc5 Qxa2 18.Qb4 b6 19.Nxd7 Rxd7 20.Bxd7+ Kxd7 21.Kd2 Bf8 22.Qc3 a5
23.Ra1 Qxa1 24.Rxa1 Bb4 25.Qxb4 axb4 26.Ra7+ Ke6 27.Rc7 Rb8 28.Kd3 f6 29.Bd2 Kd6
30.Rh7 c5 31.dxc5+ Kxc5 32.Re7 Rd8 33.b3 Kb5 34.Re6 d4 35.Re4 Ng7 36.Rg4 Ne6
37.Rxg6 Nc5+ 38.Ke2 d3+ 39.cxd3 Nxb3 40.h5 Nd4+ 41.Kf2 Re8 42.h6 Re2+ 43.Kg3 Nf5+
44.Kh3 b3 45.h7 b2 46.Rg1 Re8 47.Kg4 Nd4 48.Rb1 Rh8 49.Rxb2+ Kc5 50.Bb4+ Kd5
51.Rh2 Ke6 52.Bc3 Nb5 53.Bb2 Nc7 54.Rh6 Nd5 55.f4 Kf7 56.Kf5 Kg7 57.Rxf6 Kxh7
58.Rf7+ Kg8 59.Rd7 Rh2 60.Be5 Nb4 61.Ke6 Re2 62.Rg7+ Kf8 63.Rh7  1-0

[Event "ESP-chTA"]
[Site "Oropesa del Mar"]
[Date "1996.??.??"]
[Round "1"]
[White "Gil Gonzales, Jose Manuel"]
[Black "Iruzubieta, Jesus Maria"]
[Result "0-1"]
[WhiteElo "2410"]
[BlackElo "2410"]

1.e4 g6 2.d4 Bg7 3.Nc3 d6 4.Be2 c6 5.Be3 b5 6.Qd2 Nd7 7.a4 b4 8.Nd1 Ngf6
9.f3 a5 10.g4 e5 11.c3 bxc3 12.bxc3 O-O 13.d5 cxd5 14.g5 d4 15.cxd4 Nh5 16.h4 d5
17.Nc3 Ng3 18.Rh2 dxe4 19.fxe4 exd4 20.Bxd4 Ne5 21.Rd1 Nxe2 22.Ncxe2 Qc7
23.Qc3 Qxc3+ 24.Nxc3 Ba6 25.Rh3 Rfe8 26.Nge2 Rac8 27.Nb5 Rc2 28.Rd2 Rec8  0-1

[Event "ESP-chTA"]
[Site "Oropesa del Mar"]
[Date "1996.??.??"]
[Round "5"]
[White "Del Rio de Angeles, Gabriel"]
[Black "Sarmiento, Braulio Alfonso"]
[Result "1/2-1/2"]
[WhiteElo "2325"]
[BlackElo "2435"]

1.e4 g6 2.d4 Bg7 3.Nc3 d6 4.Nf3 Nf6 5.Be2 O-O 6.O-O c6 7.a4 Nbd7 8.a5 Qc7
9.Be3 e5 10.dxe5 dxe5 11.Bc4 Ng4 12.Qe2 Nxe3 13.Qxe3 h6 14.Rfd1 Re8 15.Ne2 Nf6
16.Nd2 Be6 17.Bxe6 Rxe6 18.Nc4 Bf8 19.Nc1 Rd8 20.Nb3 a6 21.f3 Ree8 22.Nc5 Rd4
23.Nb3 Rxc4 24.c3 Rd8 25.Rxd8 Qxd8 26.Kf1 Ra4 27.Rxa4 Qd1+ 28.Qe1 Qxb3 29.Ra1 Qxb2
30.Rb1 Qa2 31.Rxb7 Qxa5 32.g3 Qa2 33.Qe2 Qa1+ 34.Kg2 Qa4 35.Ra7 a5 36.Kh3 Qb3
37.Rxa5 Qxc3 38.Ra7 Qb3 39.Ra6 Qe6+ 40.Kg2 Qd7 41.Qc4 Qd2+ 42.Kg1 Qe3+ 43.Kg2 Bc5
44.Rxc6 Qf2+ 45.Kh3 Qxf3 46.Rxf6 Qxf6 47.Qxc5 Qf1+ 48.Kh4 Qf6+ 49.Kh3 Qf1+
50.Kh4 Qf6+ 51.Kh3  1/2-1/2

[Event "ESP-chTA"]
[Site "Oropesa del Mar"]
[Date "1996.??.??"]
[Round "6"]
[White "Sion Castro, Marcelino"]
[Black "Brito, Alfredo"]
[Result "1/2-1/2"]
[WhiteElo "2415"]
[BlackElo "2395"]

1.e4 g6 2.d4 Bg7 3.Nc3 d6 4.Be3 c6 5.a4 a5 6.Nf3 Nf6 7.h3 O-O 8.Be2 Nbd7
9.O-O e5 10.dxe5 dxe5 11.Nd2 Qe7 12.Nc4 Ne8 13.Qd2 Nc5 14.Rfd1 Ne6 15.Nb6 Rb8
16.Bc4 Nf6 17.Qd6 Qxd6 18.Rxd6 Nd4 19.Rd1 Ne8 20.Rd8 Nc7 21.Rxc8 Rbxc8 22.Nxc8 Rxc8
23.Ne2 b5 24.Bd3 Nce6 25.axb5 cxb5 26.c3 Nxe2+ 27.Bxe2 b4 28.cxb4 axb4 29.b3 Nd4
30.Bc4 Ra8 31.g4 Ra2 32.g5 Bf8 33.Bxd4 exd4 34.Rd3 Bg7 35.h4 Be5 36.Rf3 Ra7
37.h5 gxh5 38.Rf5 Re7 39.f4 Bc7 40.e5 Kg7 41.Kf2 Bd8 42.Rf6 Rd7 43.e6 fxe6
44.Rxe6 d3 45.Re8 Bb6+ 46.Ke1 Rd8 47.Re7+ Kh8 48.Kd2 Bc5 49.Rb7 Bd6 50.Bxd3 Bxf4+
51.Kc2 Bxg5  1/2-1/2

[Event "ESP-chT"]
[Site "Oropesa del Mar"]
[Date "1996.??.??"]
[Round "6"]
[White "Illescas Cordoba, Miguel"]
[Black "Strikovic, Aleksa"]
[Result "1/2-1/2"]
[WhiteElo "2640"]
[BlackElo "2550"]

1.d4 d6 2.e4 g6 3.Nc3 Bg7 4.Be3 c6 5.h3 Nf6 6.Nf3 O-O 7.a4 a5 8.g3 Na6 9.Bg2 Nb4
10.O-O e5 11.Re1 d5 12.Nxe5 Nxe4 13.Nxe4  1/2-1/2

[Event "ESP-chTA"]
[Site "Oropesa del Mar"]
[Date "1996.??.??"]
[Round "8"]
[White "Rojo Huerta, Gabriel"]
[Black "Iruzubieta, Jesus Maria"]
[Result "1/2-1/2"]
[WhiteElo "2355"]
[BlackElo "2410"]

1.d4 g6 2.e4 Bg7 3.Nc3 d6 4.Bg5 c6 5.Qd2 b5 6.f4 Nd7 7.Nf3 Nb6 8.Bd3 Bg4
9.O-O-O Rb8 10.e5 d5 11.f5 gxf5 12.Rdf1 b4 13.Ne2 Nc4 14.Qf4 f6 15.exf6 exf6
16.Bxf5 Bxf5 17.Qxf5 fxg5 18.Ng3 Qf6 19.Nh5 Qxf5 20.Nxg7+ Kd7 21.Nxf5 g4
22.Ne1 Nf6 23.b3 Na3 24.Nd3 Ne4 25.Ng3 Rbf8 26.Nxe4 dxe4 27.Nc5+ Kc8 28.Nxe4 Nb5
29.Nc5  1/2-1/2

[Event "Pamplona9697"]
[Site "Pamplona"]
[Date "1996.??.??"]
[Round "1"]
[White "Gulko, Boris F"]
[Black "Azmaiparashvili, Zurab"]
[Result "1/2-1/2"]
[WhiteElo "2615"]
[BlackElo "2670"]

1.d4 d6 2.e4 g6 3.Nc3 Bg7 4.f4 Nc6 5.Be3 Nf6 6.Be2 O-O 7.Nf3 e6 8.h3 b6 9.O-O Bb7
10.e5 Nd5 11.Nxd5 exd5 12.Qd2 f6 13.exf6 Qxf6 14.Rae1 Rae8 15.c3 Na5 16.b3 c5
17.Nh2 Kh8 18.Ng4 Qf5 19.Bd3 Qh5 20.Bf2 Rxe1 21.Rxe1 Nc6 22.Re6 cxd4 23.cxd4 Nd8
24.Re7 Bc8 25.Qe2 Bf5 26.Re8 Bxd3 27.Rxf8+ Bxf8 28.Qxd3 Ne6 29.Be3 Qf5 30.Qxf5 gxf5
31.Nf6 Nc7 32.Nh5 Ne8 33.g4 Kg8 34.Kf2 Kf7 35.Ng3 Ng7 36.Ne2 Ne6 37.gxf5 Ng7
38.Nc3 Nxf5 39.Nxd5 Bg7 40.Nc7 Bxd4 41.Bxd4 Nxd4 42.Ke3 Nf5+ 43.Ke4 Ng3+
44.Kf3 Nf5 45.Nb5 a6 46.Nc7 a5 47.Ke4 Ng3+ 48.Kf3 Nf5 49.Ke4 Ng3+  1/2-1/2

[Event "Komercni Banka op"]
[Site "Pardubice"]
[Date "1996.??.??"]
[Round "1"]
[White "Opravil, Karel"]
[Black "Berezovics, Alexander"]
[Result "0-1"]
[WhiteElo "2125"]
[BlackElo "2360"]

1.e4 d6 2.d4 g6 3.Nc3 Bg7 4.Nf3 Nf6 5.Bc4 O-O 6.Qe2 Nc6 7.e5 Nd7 8.Bf4 Nb6
9.Bb5 dxe5 10.dxe5 Nd4 11.Qe4 Nxb5 12.Nxb5 Nd5 13.O-O-O c6 14.Nbd4 Nxf4 15.Qxf4 Qc7
16.Qe3 c5 17.Nb3 b6 18.Rhe1 a5 19.Nbd2 a4 20.a3 h6 21.Ne4 Bg4 22.Nc3 Ra5
23.Qf4 Be6 24.Nd5 Qb7 25.Qe4 Rb8 26.Nf4 Qxe4 27.Rxe4 Bf5 28.Re2 g5 29.Nd5 Ra7
30.Ne3 Be6 31.h3 b5 32.Red2 Kh7 33.Rd8 Rbb7 34.g4 b4 35.Nf5 Ra5 36.Re8 bxa3
37.bxa3 Bxf5 38.gxf5 c4 39.Rdd8 Rab5 40.Nd2 c3  0-1

[Event "Komercni Banka op"]
[Site "Pardubice"]
[Date "1996.??.??"]
[Round "1"]
[White "Svatos, Jan"]
[Black "Oral, Tomas"]
[Result "0-1"]
[WhiteElo "2245"]
[BlackElo "2470"]

1.e4 g6 2.d4 Bg7 3.Nc3 d6 4.f4 Nf6 5.Nf3 O-O 6.Bd3 Na6 7.O-O c5 8.d5 Rb8
9.h3 Nc7 10.a4 b6 11.Qe1 a6 12.Qh4 b5 13.axb5 axb5 14.e5 Nfxd5 15.f5 dxe5
16.Ng5 Nf6 17.Nce4 Qd4+ 18.Kh2 Nce8 19.fxg6 fxg6 20.Ra7 Bf5 21.Rxe7 h6 22.Nxf6+ Rxf6
23.Rxg7+ Kxg7 24.Ne6+ Rxe6 25.Qxh6+ Kf7 26.g4 Ng7 27.gxf5 gxf5 28.Qh7 f4
29.Bf5 Rf6 30.Rg1 Qxg1+ 31.Kxg1 Rxf5 32.h4 Rd8  0-1

[Event "Komercni Banka op"]
[Site "Pardubice"]
[Date "1996.??.??"]
[Round "5"]
[White "Maier, Alexander"]
[Black "Oral, Tomas"]
[Result "1/2-1/2"]
[WhiteElo "2320"]
[BlackElo "2470"]

1.e4 g6 2.d4 Bg7 3.Nc3 d6 4.Nf3 Nf6 5.h3 O-O 6.Be3 c6 7.Bd3 b5 8.O-O Bb7
9.Qd2 Nbd7 10.Bh6 Qc7 11.Bxg7 Kxg7 12.Rae1 e5 13.dxe5 dxe5 14.Ne2 c5 15.Bxb5 Bxe4
16.Nh4 Rab8 17.Bxd7 Qxd7 18.Qc3 Ba8 19.Qxe5 Rfe8 20.Qc3 Rb4 21.Nf3 Bxf3 22.Qxf3 Qd2
23.Qd3 Qxd3 24.cxd3 Rxb2 25.Nc1 Rxe1 26.Rxe1 a5 27.Re2 Rxe2 28.Nxe2 Nd5 29.a3 Kf6
30.Kf1 Ke5 31.Ke1 g5 32.Kd2 f5 33.g3 h5 34.Ng1 f4 35.g4 hxg4 36.hxg4 f3 37.Nh3 Kf6
38.Ng1 Ke5 39.Nh3 Kf6 40.Ng1 Ke5 41.Nh3  1/2-1/2

[Event "Komercni Banka op"]
[Site "Pardubice"]
[Date "1996.??.??"]
[Round "5"]
[White "Fuksik, Jakub"]
[Black "Berezovics, Alexander"]
[Result "1/2-1/2"]
[WhiteElo "2230"]
[BlackElo "2360"]

1.e4 d6 2.d4 g6 3.Nc3 Bg7 4.Nf3 Nf6 5.Be2 O-O 6.O-O Na6 7.Re1 c5 8.Be3 b6
9.h3 cxd4 10.Bxd4 Bb7 11.e5 dxe5 12.Nxe5 Nb4 13.Bf3 Rb8 14.Re2 Qc8 15.a3 Nbd5
16.Nxd5 Nxd5 17.Bxd5 Bxd5 18.Nxg6 hxg6 19.Bxg7 Rd8 20.Bd4 Qb7 21.f3 f6 22.Rd2 Rd7
23.Qe2 Rbd8 24.Rad1 Bf7 25.f4 Qc6 26.Qf2 Rd5 27.b3 R8d7 28.c4 R5d6 29.a4 Re6
30.f5 Re4 31.Qg3 Qd6 32.Qf3 Qf4 33.Qxf4 Rxf4 34.fxg6 Bxg6 35.Bf2 Rxd2 36.Rxd2 Kf7
37.a5 bxa5 38.Bxa7 Rf5 39.Bb6 Re5 40.Ra2 Re1+ 41.Kf2 Rb1 42.Bxa5 Rxb3 43.c5 Be4
44.Re2 f5 45.h4 Rb5 46.Bb6 Rb4 47.g3 Rc4 48.Ba7 e5 49.Bb8 Rxc5 50.g4 Kg6  1/2-1/2

[Event "Komercni Banka op"]
[Site "Pardubice"]
[Date "1996.??.??"]
[Round "5"]
[White "Feigin, Mihail"]
[Black "Lechtynsky, Jiri"]
[Result "1-0"]
[WhiteElo "2520"]
[BlackElo "2415"]

1.e4 g6 2.d4 Bg7 3.Nc3 d6 4.Bg5 c6 5.Qd2 b5 6.f4 Nd7 7.Nf3 a6 8.Be2 Bb7 9.e5 f6
10.Bh4 dxe5 11.fxe5 Bh6 12.Qd3 fxe5 13.dxe5 Nc5 14.Qxd8+ Rxd8 15.Ng5 Bg7
16.O-O Nh6 17.Bf2 Nd7 18.Ne6 Bxe5 19.Be3 Nf7 20.Nxd8 Nxd8 21.Rad1 Nf6 22.Bb6 Nf7
23.Bf3 Bd6 24.a4 Ne5 25.Ne4 Nxf3+ 26.gxf3 Nxe4 27.fxe4 c5 28.e5 Bxe5  1-0

[Event "Komercni Banka op"]
[Site "Pardubice"]
[Date "1996.??.??"]
[Round "7"]
[White "Cherkasov, Nikolai"]
[Black "Oral, Tomas"]
[Result "1-0"]
[WhiteElo "2295"]
[BlackElo "2470"]

1.e4 g6 2.d4 Bg7 3.Nc3 d6 4.f4 Nf6 5.Nf3 O-O 6.Bd3 Na6 7.O-O c5 8.dxc5 Nxc5
9.Qe1 b5 10.Kh1 b4 11.Nd1 Bb7 12.Nf2 a5 13.Qe2 Qc7 14.Rd1 Rac8 15.Nd4 Rfd8
16.f5 d5 17.e5 Nfe4 18.Ng4 Bxe5 19.Be3 Bg7 20.Rf1 e5 21.Nb5 Qe7 22.Bxc5 Qxc5
23.f6 Bf8 24.Nxe5 Re8 25.Nd7 Qc6 26.Qg4 h5 27.Qh3 Bh6 28.Nd4 Qc7 29.Nf5 gxf5
30.Qxh5 Kh7 31.Qxf5+ Kh8 32.Qh5 Kh7 33.Qf5+ Kh8 34.Rf3 Rg8 35.Rh3 Rg6 36.Rf1 Rcg8
37.Ne5 Rxf6 38.Rxh6+ Rxh6 39.Nxf7+ Kg7 40.Nxh6 Kxh6 41.Rf3 Rg6 42.Qf8+ Qg7
43.Rh3+ Kg5 44.Qf3  1-0

[Event "Komercni Banka op"]
[Site "Pardubice"]
[Date "1996.??.??"]
[Round "8"]
[White "Rogovski, Vladimir"]
[Black "Korotylev, Alexey"]
[Result "0-1"]
[WhiteElo "2450"]
[BlackElo "2435"]

1.e4 g6 2.d4 Bg7 3.Nc3 d6 4.Nf3 Nf6 5.Be2 O-O 6.O-O c6 7.h3 Nbd7 8.e5 Ne8
9.Re1 dxe5 10.dxe5 Nc7 11.Bf4 Ne6 12.Bg3 b5 13.Bf1 Nb6 14.Ne4 a6 15.Nfg5 Nxg5
16.Nxg5 h6 17.Ne4 Qxd1 18.Raxd1 Bf5 19.Bd3 Na4 20.b3 Nb2 21.Rd2 Nxd3 22.Rxd3 Rfd8
23.Kf1 Rd5 24.Ree3 Bxe5 25.Rxd5 cxd5 26.Bxe5 Bxe4 27.Rc3 f6 28.Bf4 g5 29.Be3 e5
30.Rc7 d4 31.Bd2 a5 32.f3 Bf5 33.g4 Be6 34.a3 h5 35.Ke2 h4 36.Rc5 a4 37.bxa4 bxa4
38.Rc6 Kf7 39.Rc7+ Kg6 40.Rc6 Bd5 41.Rc7 Re8 42.Kf2 e4 43.fxe4 Rxe4 44.Rc5 Bb7
45.Ra5 Bc6 46.Rc5 Re6 47.Bc1 Bb7 48.Rc7 Ba6 49.c4 dxc3 50.Rxc3 Re2+ 51.Kg1 Bb7
52.Rc7 Bg2 53.Rc3 Bxh3 54.Bxg5 fxg5 55.Rxh3 Re4 56.Rc3 Rxg4+ 57.Kh2 Kh5 58.Rd3 Rg3
59.Rxg3 hxg3+ 60.Kxg3 g4  0-1

[Event "Komercni Banka op"]
[Site "Pardubice"]
[Date "1996.??.??"]
[Round "9"]
[White "Feigin, Mihail"]
[Black "Berezovics, Alexander"]
[Result "1-0"]
[WhiteElo "2520"]
[BlackElo "2360"]

1.e4 d6 2.d4 g6 3.Nc3 Bg7 4.Bg5 c6 5.Qd2 h6 6.Bh4 Nf6 7.f4 b5 8.e5 b4 9.exf6 bxc3
10.Qxc3 exf6 11.Bd3 g5 12.Bf2 f5 13.Ne2 O-O 14.O-O Be6 15.Qa3 a5 16.c3 a4
17.Ng3 Ra5 18.Be1 g4 19.Kh1 Qd7 20.b4 Ra8 21.Nh5 Na6 22.Nxg7 Kxg7 23.c4 Nc7
24.Qc3 d5 25.c5 Rfb8 26.a3 Qe7 27.Qc2 Qf6 28.Bc3 Kg6 29.Rae1 h5 30.Qd1 Ra7
31.Re5 Rba8 32.Rfe1 Kg7 33.R1e3 Rb8 34.Qc2 Kg6 35.Rg3 Nb5 36.Bb2 Nc7 37.Kg1 Ne8
38.h3 Qh4 39.Bxf5+ Kf6 40.Rge3 Ng7 41.Bxe6 fxe6 42.Bc3 Kf7 43.Rg5 Nf5 44.Be1 Qxg5
45.fxg5 Rg8 46.Re5 Rxg5 47.h4 Nxd4 48.Qf2+ Nf3+ 49.Qxf3+ gxf3 50.Rxg5  1-0

[Event "Komercni Banka op"]
[Site "Pardubice"]
[Date "1996.??.??"]
[Round "9"]
[White "Borisov, Youzi"]
[Black "Simon, Peter"]
[Result "1-0"]
[WhiteElo "2155"]
[BlackElo "2145"]

1.e4 g6 2.Nc3 Bg7 3.d4 d6 4.f4 c5 5.d5 a6 6.a4 e6 7.Nf3 Bxc3+ 8.bxc3 Nf6
9.Bc4 O-O 10.O-O Nxe4 11.Qe1 exd5 12.Bxd5 Re8 13.c4 Nf6 14.Qc3 Nxd5 15.cxd5 f6
16.Bb2 Bf5 17.Nh4 Be4 18.f5 g5 19.Nf3 h6 20.Rae1 Nd7 21.Nd2 Bxd5 22.Qd3 Bc6
23.Re6 Ne5 24.Qh3 Rxe6 25.fxe6 Kg7 26.Nb3 Qe7 27.Nxc5 dxc5 28.Bxe5 Rf8 29.Bb2 Bxa4
30.Qf5 Bb5 31.Rd1 Re8 32.Rd6 Rf8 33.Rd1 Re8 34.Rd6 Rf8 35.Rd1 Rd8 36.Bxf6+ Qxf6
37.Qxf6+ Kxf6 38.Rxd8 Kxe6 39.Rh8 a5 40.Rxh6+ Ke5 41.Rh5 a4 42.Rxg5+ Kd4
43.Rg3 Kc4 44.h4 Be8 45.Kf2 Kb4 46.Ke2 a3 47.Rb3+ Kc4 48.Rxa3 b5 49.Kd2 b4
50.Ra8 Bc6 51.Rg8  1-0

[Event "Paris op"]
[Site "Paris"]
[Date "1996.??.??"]
[Round "1"]
[White "Onoprienko, Vladimir"]
[Black "Shchekachev, Andrei"]
[Result "0-1"]
[WhiteElo "2355"]
[BlackElo "2500"]

1.e4 d6 2.d4 g6 3.Nc3 Bg7 4.Be3 a6 5.Qd2 Nd7 6.Nf3 b5 7.Bd3 c5 8.O-O Bb7
9.Rfe1 cxd4 10.Bxd4 Ngf6 11.a3 O-O 12.Rad1 Qc7 13.Qg5 h6 14.Qh4 g5 15.Qg3 e5
16.Be3 Nh5 17.Qh3 Ndf6 18.Nxg5 hxg5 19.Bxg5 Nf4 20.Bxf4 exf4 21.Qf3 Bh6 22.Nd5 Bxd5
23.exd5 Rfe8 24.g4 Nd7 25.g5 Bg7 26.Qxf4 Ne5 27.c3 Nxd3 28.Rxe8+ Rxe8 29.Rxd3 Qc4
30.Qd2 Be5 31.h3 Bf4 32.Qd1 Re1+ 33.Qxe1 Qxd3  0-1

[Event "St Petersburg-Paris"]
[Site "Paris"]
[Date "1996.??.??"]
[Round "7"]
[White "Prie, Eric"]
[Black "Popov, Valerij"]
[Result "1/2-1/2"]
[WhiteElo "2500"]
[BlackElo "2470"]

1.e4 g6 2.d4 Bg7 3.Nc3 d6 4.f4 c6 5.Nf3 Bg4 6.Be3 Qb6 7.Qd2 Nd7 8.Na4 Qc7
9.Be2 b5 10.Nc3 Nb6 11.O-O Nf6 12.e5 Nfd5 13.Nxd5 Nxd5 14.h3 Nxe3 15.Qxe3 Bxf3
16.Bxf3  1/2-1/2